| 000 | 00945na a2200253 4500 | ||
|---|---|---|---|
| 001 | 19904 | ||
| 003 | MIRAKIL | ||
| 005 | 20181213155127.0 | ||
| 008 | 170125b tu 000 0 | ||
| 020 | _a9758112503 | ||
| 040 |
_aMilas _btur _cTR-AnCHP |
||
| 041 |
_atur _aeng |
||
| 082 |
_a327.17 _bG98 2006 |
||
| 090 | _a327.17 G98 2006 | ||
| 245 |
_aGüvenlik sektöründe demokratik gözetim: Türkiye ve dünya= _bDemocratic eversight of the security sector: Turkey and the world _cCan Paker, ...[ve öte.]; editör Volkan Aytar |
||
| 246 | _aDemocratic eversight of the security sector: Turkey and the world | ||
| 250 | _agözd. gçrl. ve gnşl. 2. bs. | ||
| 260 |
_aİstanbul _bTESEV Yayınları _c2006 |
||
| 300 |
_a127 s. _bres.; tbl. _c29 sm. |
||
| 490 |
_aDCAF-TESEV güvenlik sektörü çalışmaları dizisi=DCAF-TESEV series in security sector studies _v1 |
||
| 700 | _aPaker, Can | ||
| 700 | _aAytar, Volkan | ||
| 942 |
_2ddc _cBKS |
||
| 999 |
_c7070 _d7070 |
||